Tätiger Augenblick: Zur „poetischen Ethik“ in Stanisław Brzozowskis "Legende des Jungen Polen"

Titel: Tätiger Augenblick: Zur „poetischen Ethik“ in Stanisław Brzozowskis "Legende des Jungen Polen" / Christian Zehnder
Verfasser:
In: Zeitschrift für slavische Philologie, Band 74, Heft 2 (2018), Seite 319-357
alle Artikel anzeigen
Veröffentlicht: 2018
Format: Aufsatz
Sprache: Deutsch
Schlagworte:
Kein Bild verfügbar
X
alg: 51223036
001A    $03025:11-10-23 
001B    $01999:16-10-23 $t23:43:54.000 
001D    $03025:11-10-23 
001U    $0utf8 
001X    $00 
002@    $0Oou 
002C    $aText $btxt $2rdacontent 
002D    $aComputermedien $bc $2rdamedia 
002E    $aOnline-Ressource $bcr $2rdacarrier 
003@    $0512230366 
007A    $0512230366 $aHEB 
009Q    $uhttps://www.jstor.org/stable/26581901 $xH 
010@    $ager 
010E    $erda 
011@    $a2018 
021A    $aTätiger Augenblick: Zur „poetischen Ethik“ in Stanisław Brzozowskis "Legende des Jungen Polen" $hChristian Zehnder 
028A    $BVerfasser $#Цендер, Кристиан $#Cender, Kristian $#Cender, K. $4aut $71079851291 $8Zehnder, Christian$Z1983- [Tp3] $9367476649 
031A    $d74 $e2 $h319-357 $j2018 
039B    $aEnthalten in $8--Obvc--. Zeitschrift für slavische Philologie. - Heidelberg : Winter, 1925-. - Online-Ressource. - ISSN 2509-7482 $x201800000740002681 $9359201768 
044K    $#Brzozowski, Stanisław Leopold $#Brzozowski, St. $#Brzozowski, Leopold Stanisław Leon $#Bzshozovsḳi, Sṭanislaṿ $#Czepiel, Adam $#Brzozowski, Stanisław $#Bezʹozovsḳi, S. $#בזʹ וזובסקי, ס. $7118667815 $8Brzozowski, Stanislaw$Z1878-1911 [Tp1] $9087008696 
044K    $RKongresspolen $RWestgalizien $#Generalgouvernement Polen $#Polska $#Rzeczpospolita Polska $#Polska Rzeczpospolita Ludowa $#Poland $#Pologne $#République Polonaise $#Generalne Gubernatorstwo w Polsce $#Polish People's Republic $#Polska Rzeczpospolita Polen $#PRL $#RP $#Polen Generalgouvernement $#Polska Generalgouvernement $#Besetzte Polnische Gebiete $#Besetztes Gebiet in Polen $#Okupowane Polskie Obszary $#Obszary Okupowane w Polsce $#Volksrepublik Polen $#Polska Rosyjska $#Republic Polen $#Respublika Pol'ša $#Pol'skaja Narodnaja Respublika $#République de Pologne $#Polen Links der Weichsel $#Polska po Lewej Stronie Wisły $#Lenkija $#Polija $#Gubernija Carstva Pol'skago $#Republik Polen $74046496-9 $8Polen [Tg1] $9085129801 
044K    $RBuch $RSchriftsteller $#Literature $#Littérature $#Letteratura $#Literatura $#literature $#Literature $#Literatur $#Literatur $#Belletristik $#Dichtung Literatur $#Schöne Literatur $#Sprachkunst $#Wortkunst $74035964-5 $8Literatur [Tsz] $9085097128 
044K    $RDekadenz $#Europe Civilization 19th century $#Decadence (Literary movement) $#Europe Civilization 20th century $#Civilisation Europe 19e siècle $#Fin de siècle (esthétique) $#Civilisation Europe 20e siècle $#Europa Civilización S.XX $#Europa Civilización S.XIX $#Fin-de-siècle $#Jahrhundertwende Fin de siècle $#Dekadentismus $74154404-3 $8Fin de siècle [Ts1] $9085652024 
044K    $RLiteratur $RPolnisch $#Młoda Polska (Literary movement) $#Jeune Pologne $#Młoda Polska $#Moderne Literatur Polnisch $#Modernismus Polen Literatur $#Neuromantik Literatur Polnisch $74162909-7 $8Junges Polen [Ts1] $9085720941 
045F    $a809 $eDDC23BSB 
045F/01 $a809 
045F/03 $f09041 
045F/03 $g438 
045R    $aGeschichte 1880-1909 
045T    $aSLAW $qDE-1a $2FID 

lok: 51223036 78

exp: 51223036 78 1 #EPN
201B/01 $011-10-23 $t13:13:42.000 
201C/01 $011-10-23 
201U/01 $0utf8 
203@/01 $01244752002 
208@/01 $a11-10-23 $be 
209A/01 $a/ $f000 $x00 
209A/01 $ab*p $x01 
220C/01 $apgar 
244Z/01 $#Generalgouvernement Polen $#Polska $#Rzeczpospolita Polska $#Polska Rzeczpospolita Ludowa $#Poland $#Pologne $#République Polonaise $#Generalne Gubernatorstwo w Polsce $#Polish People's Republic $#Polska Rzeczpospolita Polen $#PRL $#RP $#Polen Generalgouvernement $#Polska Generalgouvernement $#Besetzte Polnische Gebiete $#Besetztes Gebiet in Polen $#Okupowane Polskie Obszary $#Obszary Okupowane w Polsce $#Volksrepublik Polen $#Polska Rosyjska $#Republic Polen $#Respublika Pol'ša $#Pol'skaja Narodnaja Respublika $#République de Pologne $#Polen Links der Weichsel $#Polska po Lewej Stronie Wisły $#Lenkija $#Polija $#Gubernija Carstva Pol'skago $#Republik Polen $74046496-9 $8--Tg1--Polen $x01 $9085129801 
247C/01 $82080>Marburg/Lahn, Herder-Institut, Forschungsbibliothek, Bibliographieportal $9336309341
LEADER 00000caa a2200000 c 4500
001 512230366
003 DE-603
005 20231016234354.0
007 cr||||||||||||
008 231011s2018 xx |||| o| u00||u|ger c
035 |a (DE-599)HEB512230366 
040 |a DE-603  |b ger  |c DE-603  |d DE-603  |e rda 
041 |a ger 
082 0 4 |8 1\u  |a 809  |q DE-101  |2 23/BSB 
084 |a SLAW  |q DE-1a  |2 fid 
085 |8 1\u  |b 809 
085 |8 1\u  |z 1  |s 09041 
085 |8 1\u  |z 2  |s 438 
100 1 |a Zehnder, Christian  |d 1983-  |e Verfasser  |4 aut  |0 (DE-603)367476649  |0 (DE-588)1079851291  |2 gnd 
245 0 0 |a Tätiger Augenblick: Zur „poetischen Ethik“ in Stanisław Brzozowskis "Legende des Jungen Polen"  |c Christian Zehnder 
264 0 |c 2018 
336 |a Text  |b txt  |2 rdacontent 
337 |a Computermedien  |b c  |2 rdamedia 
338 |a Online-Ressource  |b cr  |2 rdacarrier 
600 1 7 |a Brzozowski, Stanislaw  |d 1878-1911  |0 (DE-588)118667815  |0 (DE-603)087008696  |2 gnd 
648 7 |a Geschichte 1880-1909  |2 gnd 
650 7 |a Literatur  |0 (DE-588)4035964-5  |0 (DE-603)085097128  |2 gnd 
650 7 |a Fin de siècle  |0 (DE-588)4154404-3  |0 (DE-603)085652024  |2 gnd 
650 7 |a Junges Polen  |0 (DE-588)4162909-7  |0 (DE-603)085720941  |2 gnd 
651 7 |a Polen  |0 (DE-588)4046496-9  |0 (DE-603)085129801  |2 gnd 
773 0 8 |i Enthalten in  |t Zeitschrift für slavische Philologie  |d Heidelberg : Winter, 1925-  |h Online-Ressource  |x 2509-7482  |g Band 74, Heft 2 (2018), Seite 319-357  |w (DE-603)359201768  |w (DE-600)2821808-5 
856 |u https://www.jstor.org/stable/26581901  |x Verlag 
924 1 |9 2080  |a (DE-603)1244752002  |b DE-2080  |c HES  |d d  |g /